Handbook of the media in Asia / (Record no. 122496)

MARC details
000 -LEADER
fixed length control field 00766nam a22002417a 4500
005 - DATE AND TIME OF LATEST TRANSACTION
control field 20170124105911.0
010 ## - LIBRARY OF CONGRESS CONTROL NUMBER
LC control number B-026760
020 ## - INTERNATIONAL STANDARD BOOK NUMBER
International Standard Book Number 780760992575
Terms of availability 950.00
035 ## - SYSTEM CONTROL NUMBER
System control number B-026760
037 ## - SOURCE OF ACQUISITION
Source of stock number/acquisition Cen Lib/Ret
040 ## - CATALOGING SOURCE
Original cataloging agency DPL
Language of cataloging EN
082 ## - DEWEY DECIMAL CLASSIFICATION NUMBER
Classification number 302.23095
Item number HAN
245 ## - TITLE STATEMENT
Title Handbook of the media in Asia /
Statement of responsibility, etc edited by Shelton A. Gunaratne
246 ## - VARYING FORM OF TITLE
Remainder of title
260 ## - PUBLICATION, DISTRIBUTION, ETC. (IMPRINT)
Name of publisher, distributor, etc Sage Publications
Date of publication, distribution, etc 2000
Place of publication, distribution, etc New Delhi
270 ## - ADDRESS
Address M-32 Market, Greater Kailash, Part 1
City New Delhi
Postal code 110048
300 ## - PHYSICAL DESCRIPTION
Extent ix, 722p.
Dimensions 23cm(Hb)
500 ## - GENERAL NOTE
General note includes bibliographical references and index
650 ## - SUBJECT ADDED ENTRY--TOPICAL TERM
Topical term or geographic name as entry element Mass media
Geographic subdivision Asia
Form subdivision handbooks
9 (RLIN) 928
650 ## - SUBJECT ADDED ENTRY--TOPICAL TERM
Topical term or geographic name as entry element Mass media
Form subdivision manuals
Geographic subdivision Asia
9 (RLIN) 929
650 ## - SUBJECT ADDED ENTRY--TOPICAL TERM
Topical term or geographic name as entry element
9 (RLIN) 107428
942 ## - ADDED ENTRY ELEMENTS (KOHA)
Source of classification or shelving scheme Dewey Decimal Classification
Koha item type English Books
Classification part 302.23095
Call number suffix HAN
Holdings
Withdrawn status Lost status Damaged status Not for loan Collection code Home library Current library Date acquired Source of acquisition Cost, normal purchase price Total Checkouts Full call number Barcode Date last seen Copy number Cost, replacement price Price effective from Koha item type
      Not For Loan Reference Central Library Central Library 27/05/2015 Cen Lib/Ret 950.00   302.23095 HAN B-026760 27/05/2015 1 950.00 15/09/2016 English Books

© Delhi Public Library
Hit Counter
free hit counter